[Event "Challenge"]
[Site "http://www.queenalice.com/game.php?id=1297106"]
[Date "2014.7.25"]
[Round "-"]
[White "cyrillt"]
[Black "wind39"]
[Result "0-1"]
[WhiteElo "1540"]
[BlackElo "1689"]

1. e4 e5 2. Bc4 Nf6 3. Nc3 Nc6 4. Nf3 d6 5. d3 h6 6. Be3 a6 7. O-O Be7 8. a3 O-O
9. b4 b5 10. Bb3 Bg4 11. Nd5 Nxd5 12. exd5 Nd4 13. h3 Bxf3 14. gxf3 Bg5 15. Bxd4
exd4 16. a4 Bf4 17. a5 Qh4 18. Kg2 g5 19. Rh1 f5 20. c4 dxc3 21. Qe2 Rae8 22.
Qc2 Re3 23. Qxc3 Re2 24. Rhf1 g4 25. fxg4 fxg4 26. d4 Be3 27. Ra2 Qxh3+ 28. Kg1
Bxf2+ 29. Rxf2 Qxc3 30. Rxf8+ Kxf8 31. Rxe2 Qxb3 32. Rf2+ Kg7 33. Rg2 h5 34. Re2
Qd1+ 35. Kf2 g3+ 0-1

[Event "Challenge"]
[Site "http://www.queenalice.com/game.php?id=1297107"]
[Date "2014.7.25"]
[Round "-"]
[White "cyrillt"]
[Black "wind39"]
[Result "1-0"]
[WhiteElo "1558"]
[BlackElo "1699"]

1. e4 e5 2. Nf3 d6 3. Bc4 Be6 4. Bxe6 fxe6 5. d3 h6 6. c3 c6 7. d4 Nd7 8. Qb3
exd4 9. cxd4 Qb6 10. Qxe6+ Be7 11. O-O O-O-O 12. Nc3 Kb8 13. b3 Bf6 14. Qxd6+
Ka8 15. Na4 Qa5 16. Bd2 Qh5 17. Qc7 Ne7 18. e5 Nd5 19. Qa5 Bg5 20. Nxg5 hxg5 21.
h3 Nf4 22. Bxf4 gxf4 23. e6 f3 24. Qxh5 Rxh5 25. Rae1 g5 26. exd7 Kb8 27. Re8
Kc7 28. Nc5 Rb8 29. Rfe1 Rh7 30. Ne6+ Kxd7 31. Rxb8 Kd6 32. Nxg5 fxg2 33. Nxh7
1-0

[Event "Challenge"]
[Site "http://www.queenalice.com/game.php?id=1297108"]
[Date "2014.7.25"]
[Round "-"]
[White "cyrillt"]
[Black "wind39"]
[Result "0-1"]
[WhiteElo "1521"]
[BlackElo "1708"]

1. e4 e5 2. Nc3 Nf6 3. Bc4 Bc5 4. Nf3 d6 5. d3 Ng4 6. d4 Bb6 7. Nd5 Bxd4 8. Nxd4
exd4 9. Qxd4 Ne5 10. Bf4 c6 11. Ne3 O-O 12. O-O-O Nbd7 13. Qxd6 b5 14. Bb3 Qf6
15. Qxf6 gxf6 16. Nf5 Ng4 17. Bg3 Nc5 18. Nd6 Nxb3+ 19. axb3 b4 20. h3 Ne5 21.
f4 Ng6 22. f5 Ne7 23. Rhf1 Ba6 24. Rf4 Kh8 25. Bh4 Ng8 26. g4 h6 27. Bg3 Kg7 28.
h4 Ne7 29. g5 Be2 30. Rh1 Rad8 31. Rf2 Bh5 32. gxh6+ Kxh6 33. Bf4+ Kh7 34. e5
Nd5 35. Bg3 Bg4 0-1

[Event "AUTO-INT-2896"]
[Site "http://www.queenalice.com/game.php?id=1305042"]
[Date "2014.8.30"]
[Round "1"]
[White "brumbaz"]
[Black "wind39"]
[Result "0-1"]
[WhiteElo "1644"]
[BlackElo "1879"]

1. e4 e5 2. Nf3 d6 3. Bc4 Qf6 4. d3 h6 5. Nc3 c6 6. O-O Be7 7. b3 Qg6 8. g3 Bg4
9. Na4 b5 10. Bxb5 cxb5 11. Nc3 a6 12. Nd5 Bd8 13. Ba3 Ne7 14. Qe2 O-O 15. c4
Nbc6 16. Qe3 Bxf3 17. Qxf3 Nd4 18. Qe3 Nc2 19. Qc1 Nxa3 20. Qxa3 bxc4 21. bxc4
Nc8 22. c5 Be7 23. Rab1 Ra7 24. Qa4 Bd8 25. Nb6 Rc7 26. Nxc8 Rxc8 27. Qxa6 Bh4
28. Qxd6 Rc6 29. Qxg6 Rxg6 30. Rbc1 f5 31. c6 Rc8 32. exf5 Rg5 33. Rfd1 Bxg3 0-1

[Event "AUTO-INT-2896"]
[Site "http://www.queenalice.com/game.php?id=1305043"]
[Date "2014.8.30"]
[Round "1"]
[White "wind39"]
[Black "brumbaz"]
[Result "1-0"]
[WhiteElo "1763"]
[BlackElo "1705"]

1. e4 e5 2. Nf3 Nc6 3. Bb5 Nf6 4. Nc3 d6 5. d4 Be7 6. d5 O-O 7. dxc6 bxc6 8.
Bxc6 Rb8 9. Nd5 Be6 10. Be3 Bxd5 11. exd5 Rxb2 12. O-O e4 13. Bd4 Rb8 14. Bxa7
Nh5 15. Bxb8 Qxb8 16. Nd4 Nf4 17. Nf5 Bd8 18. Qg4 Qb2 19. Rab1 Qf6 20. Qxf4 h5
21. Qxe4 Qg5 22. h4 Qg6 23. Bd7 Qg4 24. Ne7+ Kh8 25. Bxg4 g6 26. Nxg6+ Kg8 27.
Nxf8 1-0

[Event "AUTO-INT-2896"]
[Site "http://www.queenalice.com/game.php?id=1305062"]
[Date "2014.8.30"]
[Round "1"]
[White "wind39"]
[Black "scrappy369"]
[Result "0-1"]
[WhiteElo "1677"]
[BlackElo "1944"]

1. e4 c6 2. d4 d5 3. Nc3 dxe4 4. Nxe4 Bf5 5. Qd3 Na6 6. Bd2 e6 7. g3 Nf6 8. Bg2
Qb6 9. Nxf6+ gxf6 10. Qb3 Qxb3 11. cxb3 Nb4 12. Nf3 Nc2+ 13. Ke2 Nxa1 14. Rxa1
O-O-O 15. a3 Be4 16. Ng5 Bxg2 17. Nxf7 Bg7 18. Nxh8 Bxh8 19. Bc3 Bd5 20. f4 Bxb3
21. Kd3 f5 22. Re1 c5 23. Rxe6 Bxe6 0-1

[Event "AUTO-INT-2896"]
[Site "http://www.queenalice.com/game.php?id=1305063"]
[Date "2014.8.30"]
[Round "1"]
[White "scrappy369"]
[Black "wind39"]
[Result "1-0"]
[WhiteElo "1925"]
[BlackElo "1677"]

1. d4 d5 2. c4 c6 3. Nf3 Bf5 4. Nc3 e6 5. cxd5 Bb4 6. dxe6 Bxe6 7. e4 Nf6 8. Bd3
O-O 9. a3 Bxc3+ 10. bxc3 Nbd7 11. e5 Nd5 12. O-O Nxc3 13. Qc2 Qa5 14. Bd2 g6 15.
Bxc3 Qd5 16. Nd2 a5 17. Bc4 Qxc4 18. Nxc4 Bxc4 19. Rfb1 b5 20. a4 b4 21. Bxb4
axb4 22. Qxc4 1-0

[Event "AUTO-INT-2867"]
[Site "http://www.queenalice.com/game.php?id=1311999"]
[Date "2014.10.2"]
[Round "2"]
[White "wind39"]
[Black "Mariojose"]
[Result "1-0"]
[WhiteElo "1717"]
[BlackElo "1637"]

1. e4 e5 2. Nf3 d6 3. d4 exd4 4. Nxd4 h5 5. Be2 Qe7 6. Nc3 Nf6 7. Qd3 a6 8. Bg5
c5 9. Nd5 Qd7 10. Bxf6 gxf6 11. Nxf6+ 1-0

[Event "AUTO-INT-2867"]
[Site "http://www.queenalice.com/game.php?id=1312000"]
[Date "2014.10.2"]
[Round "2"]
[White "Mariojose"]
[Black "wind39"]
[Result "0-1"]
[WhiteElo "1602"]
[BlackElo "1742"]

1. e4 e5 2. d3 Nc6 3. Be3 d5 4. exd5 Qxd5 5. Qe2 Nd4 6. c4 Qc5 7. Bxd4 Qxd4 8.
a3 Nf6 9. Nf3 Bg4 10. Qxe5+ Qxe5+ 11. Nxe5 Be6 12. Be2 Bd6 13. Nf3 h6 14. O-O
O-O 15. Nbd2 c5 16. d4 cxd4 17. Nxd4 Be5 18. N2f3 Bxd4 19. Nxd4 Rad8 20. b3 Rxd4
21. h3 Ne4 22. Bf3 Nd2 23. Rfd1 Nxf3+ 24. gxf3 Rf4 25. Rd3 Bxh3 26. Re1 Bf5 27.
Rde3 f6 28. Kg2 g5 29. Rh1 Kg7 30. Re7+ Rf7 31. Rxf7+ Kxf7 32. Rxh6 g4 33. fxg4
Rxg4+ 34. Kf3 Kg7 35. Rh5 Kg6 36. Rh2 Kg5 37. Ke3 Re4+ 38. Kf3 Rf4+ 39. Kg3 Bg4
40. Kg2 Rf3 41. Rh8 Rxb3 42. a4 Bf3+ 43. Kg3 Bd5+ 44. Kh2 Bxc4 45. f4+ Kf5 46.
Rh5+ Kg4 47. Rc5 Rb2+ 48. Kg1 Kg3 49. Rxc4 Rb1+ 0-1

[Event "AUTO-INT-2867"]
[Site "http://www.queenalice.com/game.php?id=1312001"]
[Date "2014.10.2"]
[Round "2"]
[White "wind39"]
[Black "wanderr"]
[Result "0-1"]
[WhiteElo "1777"]
[BlackElo "1777"]

1. f3 d5 2. d4 Nf6 3. Kf2 e6 4. Bg5 Be7 5. h4 Nbd7 6. e3 h6 7. Bxf6 Nxf6 8. h5
Bd7 9. c4 dxc4 10. Bxc4 a6 11. Nc3 O-O 12. a4 c6 13. a5 Nd5 14. Bxd5 exd5 15.
Nge2 Rc8 16. Qb3 Rb8 17. Ra4 Be6 18. Qc2 Rc8 19. b4 b5 20. axb6 Qxb6 21. Rb1 Ra8
22. Na2 Bd7 23. Nec3 Qc7 24. f4 Qc8 25. e4 dxe4 26. Nxe4 Qc7 27. g3 Rfd8 28. d5
Rdc8 29. Nc5 Bxc5+ 30. bxc5 cxd5 31. Rd4 Rab8 32. Nb4 Qa7 33. Rxd5 Bb5 34. Kf3
Qb7 35. c6 Bxc6 36. Nxc6 Qc7 37. Rxb8 Rxb8 38. Nb4 Qb7 39. Kg4 Qxb4 40. Re5 a5
41. Kf5 a4 42. Qc7 Rb5 43. Qd8+ Kh7 44. g4 Qb1+ 0-1

[Event "AUTO-INT-2867"]
[Site "http://www.queenalice.com/game.php?id=1312002"]
[Date "2014.10.2"]
[Round "2"]
[White "wanderr"]
[Black "wind39"]
[Result "1-0"]
[WhiteElo "1807"]
[BlackElo "1761"]

1. d4 d5 2. Nf3 e6 3. e3 Nc6 4. Be2 g6 5. Nbd2 Bg7 6. Nb3 Nf6 7. c3 O-O 8. O-O
b6 9. Nbd2 Bb7 10. a3 a5 11. Re1 Bh6 12. b3 Ne7 13. Bb2 Qd6 14. a4 Nf5 15. Qc2
Ne4 16. Nxe4 dxe4 17. Nd2 Bg7 18. Ba3 c5 19. dxc5 bxc5 20. Rad1 Qc6 21. Nf1 Rfe8
22. Bb5 Qc7 23. Bxe8 Rxe8 24. Rd2 h5 25. Red1 g5 26. Rd7 Qc6 27. Ng3 Bc8 28.
R7d2 Nxg3 29. hxg3 g4 30. Rd6 Qc7 31. Bb2 Bf8 32. R6d2 c4 33. bxc4 Qxc4 34. Rd4
Qc7 35. Qb3 Bc5 36. Rc4 Ba6 37. Rxc5 Qxc5 38. Ba3 Bc4 39. Qb2 Qc6 40. Qc2 Rb8
41. Rd6 Qe8 42. Bc5 Bb3 43. Qxe4 Bxa4 44. Qf4 f5 45. Qg5+ Kh7 46. Bd4 Rb7 47.
Qf6 Rf7 48. Qg5 Qf8 49. Rd8 Qxd8 50. Qxd8 Kh6 51. Qxa5 Bb3 52. Qb6 Bd5 53. Qd8
e5 54. Bxe5 1-0

[Event "Challenge"]
[Site "http://www.queenalice.com/game.php?id=1313123"]
[Date "2014.10.7"]
[Round "-"]
[White "roli68"]
[Black "wind39"]
[Result "0-1"]
[WhiteElo "1621"]
[BlackElo "1730"]

1. e4 e5 2. d4 d6 3. d5 g6 4. Nh3 Bxh3 5. gxh3 Bg7 6. Bb5+ Nd7 7. f4 Qh4+ 8. Kd2
Qxf4+ 9. Kc3 Qh4 10. Qf3 Nf6 11. Nd2 O-O 12. b3 Nc5 13. Kb2 Ncxe4 14. Nxe4 Nxe4
15. Bd3 Nf2 16. Rg1 e4+ 17. c3 exf3 18. Bf1 Nxh3 19. Rg3 Qf6 20. Rxh3 Qxc3+ 21.
Kb1 Qxa1+ 22. Kc2 Qc3+ 23. Kd1 Rae8 24. Bd2 Qa1+ 25. Bc1 Bb2 26. Kd2 Qxc1+ 27.
Kd3 Qxf1+ 28. Kc2 Qxh3 29. Kxb2 Qxh2+ 30. Ka3 Re4 31. b4 b5 32. Kb3 Re3# 0-1

[Event "Yeappee"]
[Site "http://www.queenalice.com/game.php?id=1314851"]
[Date "2014.10.12"]
[Round "1"]
[White "roli68"]
[Black "wind39"]
[Result "0-1"]
[WhiteElo "1616"]
[BlackElo "1752"]

1. e4 e5 2. Nf3 d6 3. Na3 a6 4. d4 h6 5. d5 Bg4 6. h3 Bxf3 7. Qxf3 Nf6 8. g4 g5
9. c4 Nbd7 10. h4 Nh7 11. Qf5 Qe7 12. h5 Bg7 13. Be3 O-O-O 14. b4 Nf6 15. Rb1
Kb8 16. b5 a5 17. Qf3 b6 18. Nc2 Nc5 19. Bxc5 dxc5 20. a4 Rhf8 21. Ne3 Nd7 22.
Nf5 Qf6 23. Bg2 Rc8 24. Qd3 Rg8 25. d6 Qe6 26. Rd1 Bf6 27. Qf3 Qxc4 28. Nxh6
Rgf8 29. Bf1 Qxa4 30. dxc7+ Rxc7 31. Nf5 c4 32. Nd6 c3 33. Rc1 c2 34. Be2 Qb4+
35. Kf1 Qxd6 36. Qb3 Qd2 37. Qa3 Be7 38. Qe3 Bb4 39. Kg2 Nc5 40. Qxd2 Bxd2 41.
Rxc2 Bf4 42. Rd1 a4 43. Rd6 Ka7 44. f3 Rfc8 45. h6 Nxe4 46. fxe4 Rxc2 47. Kf2 a3
48. Rd7+ Kb8 49. h7 a2 50. Rxf7 a1=Q 51. Rg7 Rxe2+ 52. Kxe2 Rc2+ 53. Kd3 Qc3#
0-1

[Event "AUTO-INT-2877"]
[Site "http://www.queenalice.com/game.php?id=1321041"]
[Date "2014.11.8"]
[Round "2"]
[White "wind39"]
[Black "Danado"]
[Result "1-0"]
[WhiteElo "1760"]
[BlackElo "1675"]

1. e4 e5 2. Nf3 Nc6 3. c3 d6 4. h3 a6 5. Qa4 Bd7 6. b4 Nd4 7. b5 Bxb5 8. Bxb5+
axb5 9. Qd1 Nxf3+ 10. Qxf3 Nf6 11. O-O d5 12. d3 d4 13. cxd4 exd4 14. Nd2 Bb4
15. e5 Nd5 16. Ne4 Qd7 17. a3 f6 18. Rb1 Bxa3 19. Bxa3 Rxa3 20. Nc5 Qc6 21. Nb3
O-O 22. Nxd4 Qc3 23. Nxb5 Qxd3 24. Nxa3 Qxf3 25. gxf3 Nc3 26. Rxb7 Nd5 27. Rd1
Nc3 28. Re1 Nd5 29. e6 Re8 30. Nb5 1-0

[Event "AUTO-INT-2877"]
[Site "http://www.queenalice.com/game.php?id=1321042"]
[Date "2014.11.8"]
[Round "2"]
[White "Danado"]
[Black "wind39"]
[Result "0-1"]
[WhiteElo "1676"]
[BlackElo "1747"]

1. e4 e5 2. a3 Nf6 3. Nc3 c6 4. d3 h6 5. Nf3 d6 6. h3 Be7 7. d4 Qa5 8. Bd2 b5 9.
dxe5 dxe5 10. Nxe5 b4 11. axb4 Qxe5 12. Bd3 Bf5 13. Qf3 Bg6 14. Bf4 Qe6 15. Bxb8
Rxb8 16. Qg3 O-O 17. b5 Bb4 18. bxc6 Nxe4 19. Qe3 Qxc6 20. O-O a5 21. Nxe4 Rbe8
22. f3 f5 23. c3 Rxe4 24. fxe4 Bc5 0-1

[Event "AUTO-INT-2852"]
[Site "http://www.queenalice.com/game.php?id=1322516"]
[Date "2014.11.16"]
[Round "2"]
[White "Ricardoabreu"]
[Black "wind39"]
[Result "0-1"]
[WhiteElo "1643"]
[BlackElo "1785"]

1. e4 e5 2. Qf3 Nf6 3. d3 h6 4. b3 Nc6 5. c3 d5 6. exd5 Bg4 7. Qe3 Nxd5 8. Qd2
Ndb4 9. f3 Bf5 10. Ba3 Nxd3+ 11. Bxd3 Bxa3 12. Nxa3 Bxd3 13. O-O-O Bg6 14. Qe3
Qe7 15. Nc4 O-O 16. Nh3 b5 17. Nb2 b4 18. c4 Nd4 19. Rxd4 Qc5 20. Re4 Qxe3+ 21.
Rxe3 f6 22. Nf2 c5 23. Rd1 h5 24. h4 Bf5 25. g4 hxg4 26. fxg4 Be6 27. g5 fxg5
28. Nfd3 gxh4 29. Rxe5 Rae8 30. Nf4 Bg4 31. Rdd5 Rxe5 32. Rxe5 Rxf4 33. Rxc5 h3
34. Nd3 Rf3 35. Nxb4 h2 36. Rc8+ Kh7 37. Nd5 Bxc8 0-1

[Event "AUTO-INT-2852"]
[Site "http://www.queenalice.com/game.php?id=1322517"]
[Date "2014.11.16"]
[Round "2"]
[White "wind39"]
[Black "Ricardoabreu"]
[Result "1-0"]
[WhiteElo "1773"]
[BlackElo "1671"]

1. d4 e6 2. e4 Qh4 3. Bd3 Nh6 4. Nf3 Qe7 5. Bxh6 gxh6 6. e5 b6 7. c4 Qb4+ 8. Nc3
Qxb2 9. Nb5 Qb4+ 10. Nd2 Na6 11. a3 Qe7 12. h4 f6 13. Be4 Rb8 14. Nxa7 c6 15.
Nxc8 Rxc8 16. Qa4 Nb8 17. Rb1 b5 18. cxb5 cxb5 19. Rxb5 Rc1+ 20. Ke2 Rxh1 21.
Rxb8+ Kf7 22. g3 f5 23. Bxh1 Rg8 24. Bf3 Qxa3 25. Qxd7+ Be7 26. Bh5+ Kg7 27.
Rxg8+ Kxg8 28. Qxe6+ Kh8 29. Qxh6 Qb4 30. Bg6 Qc4+ 31. Nxc4 1-0

[Event "Yeappee"]
[Site "http://www.queenalice.com/game.php?id=1327384"]
[Date "2014.12.11"]
[Round "2"]
[White "wind39"]
[Black "JORAM2205"]
[Result "0-1"]
[WhiteElo "1886"]
[BlackElo "1704"]

1. d4 d5 2. c4 c6 3. e3 Bf5 4. g4 Be4 5. Nf3 Nf6 6. Bh3 dxc4 7. g5 Nd5 8. Nbd2
Bd3 9. Ne5 Nb4 10. Ndxc4 Bxc4 11. Nxc4 Qd5 12. O-O Qxc4 13. Qg4 e6 14. f4 Bd6
15. Bd2 Nxa2 16. f5 exf5 17. Qxf5 O-O 18. d5 Qb3 19. e4 Qxb2 20. Rab1 Qxd2 21.
Bg2 b6 22. Kh1 Nc3 23. e5 Nxb1 24. Be4 g6 25. Qf6 Qd4 26. exd6 Qxe4+ 27. Kg1 Nd2
28. Qe7 Qg4+ 0-1